000 00361nam a2200133Ia 4500
008 260210s9999 xx 000 0 und d
024 _a00A-61-BCS-3
082 _a004.67072 RIZ
100 _aRizwan Hussain Qureshi
245 0 _aProject Submitter
260 _aKarachi:
_bUITU,
_c2000
600 _aComputer Science
650 _aBachelor of Computer Science (BS)
999 _c31744
_d31744